000
00512nam a2200157Ia 4500
008
151213s9999 xx 000 0 und d
100
_a
ঝযববহড়ু
245
_a
উড়হি ড়ভ খড়াব
_c
ঝযববহড়ু
250
_a
১ংঃ
260
_a
ট. ক.
_b
ঘধযরফ ওংষধস ্ ঝযড়যরনঁষ ওংষধস
_c
1993
300
_a
4450 p.
650
_a
Bangla
650
_a
কবিতা
700
_a
ঝযববহড়ু
999
_c
2825
_d
2825